000 01092nam a22002777a 4500
005 20240530110344.0
008 141126s2009 ua o frb 000 0 ara d
040 _aEG-CaGPL
041 0 _aara
082 0 4 _221
_a932\
_bق/ع إ
100 0 _aعبدالواحد عبدالسلام ابراهيم
245 1 2 _aالاضاءة ووسائلها فى مصر الفرعونية /
_cعبدالواحد عبدالسلام ابراهيم
260 _aالاسكندرية :
_bدار المعرفة الجديدة ،
_c2009
300 _a322 ص :
_bايض ؛
_c24 سم
504 _aببليوجرافية : ص 305 - 322
650 0 4 _aالاضاءة بالزيت
650 0 4 _aالاضاءة الطبيعية
650 0 4 _aالمعابد المصرية القديمة
650 0 4 _aالمصابيح
_xاشكال
650 0 4 _aالمصابيح
650 0 4 _aالعمارة الجنائزية
650 0 4 _aالعمارة الدينية
650 0 4 _aالعمارة الدنيوية
_xالاضاءة الطبيعية
942 _2ddc
_cBK
999 _c59938
_d59938